000 00847nas a2200277 4500
001 BR9510258
003 BR-BrBNA
005 20231205095546.0
007 ta
008 230509b bl.|||p| |||| 00| 00por d
040 _aBR-BrBNA
_bpor
_cBiblioteca Nacional de Agricultura
041 _a(Pt)
072 _aL02
100 1 _aDonzele, J.L.
100 1 _aOliveira, R.F.M. de
100 1 _aFreitas, R.T.F. de
245 1 _aNiveis de lisina para suinos machos inteiros, dos 30 aos 60 kg de peso vivo
650 _aSUÍNO
650 _aEtapa de Desenvolvimento Animal
650 _aLisina
650 _aPeso
650 _aCrescimento
773 0 _tRevista da Sociedade Brasileira de Zootecnia (Brazil)
_xISSN 0100-4859
_g(Nov-Dec 1994), v. 23(6) p. 974-982
_wBR9510258
909 _a202311
_bLúcia
_c55
_dLúcia Elande
942 _2AGRIS
_n0
_cANA
999 _c151357
_d151357